| 000 | 00421nam a2200145Ia 4500 | ||
|---|---|---|---|
| 008 | 231129s2001||||xx |||||||||||||| ||spa|| | ||
| 020 | _a958-04-0729-0 | ||
| 040 | _bsp | ||
| 082 | _a(i) 808.068543 M722m | ||
| 100 | _aMolina Llorente Maria Isabel | ||
| 245 | 0 | _aEl misterio del hombre que desaparecio | |
| 260 | _c2001 | ||
| 264 | _aBarcelona EspaƱa: Norma | ||
| 942 |
_2ddc _cBKS |
||
| 999 |
_c11723 _d11723 |
||